Statystyki dla Małopolska - Quiz

Kliknij tutaj aby rozwiązać quiz!

Ogólne statystyki

  • Ten quiz został rozwiązany 309 razy
  • Średni wynik to 11 z 15

Statystyki odpowiedzi

HintOdpowiedź% Poprawnych
Stolica MałopolskiKraków
100%
,,Zimowa stolica Polski'' to...Zakopane
99%
Miejsce urodzenia JP2Wadowice
95%
Przez Kraków przepływa rzekaWisła
91%
Św.JP2 lubił...Kremówki
86%
Jedna z dwóch kopalni soli jest w...Wieliczce
86%
Największy park rozrywki w PolsceEnergylandia
84%
Tradycyjne serki góralskieoscypki
83%
turystyczna ulica w Zakopanem to...Krupówki
76%
Na jakiej górze w Tatarch jest krzyżGiewont
72%
Niemiecki nazistowski obóz zagładyAuschwitz-Birkenau
68%
Stolica PodhalaNowy Targ
62%
Maczuga w OPN (Ojcowskim Parku Narodowym) jest...Herkulesa
61%
Termy w Białce TatrzańskiejBania
41%
Park Miniatur jest w...Inwałdzie
36%

Rozkład punktacji

Percentyl według liczby udzielonych odpowiedzi

Procent ludzi z każdym wynikiem

Twoja historia wyników

Nie rozwiązałeś tego quizu